000 00728cam a2200265 4500
001 J1869
008 090401t1993 xxu||||| |||| 00| 0 eng d
035 _a(Sirsi) u45887
041 _aeng
050 _a614.853
100 _aWebber, G.M.B.
245 _aFalls from domestic balconies.
260 _aGarston, Watford
_bBuilding Research Establishment
_c1993
300 _a(4)p. ; 30cm.
350 _a0
490 _aBRE Information Paper
_v18/93
650 _aDOMESTIC ACCIDENTS
650 _aFLATS
650 _aHOME ACCIDENT SURVEILLANCE SYSTEM
690 _aBUILT ENVIRONMENT-CONSTRUCTION DESIGN
700 _aAizlewood, C.
710 _aBuilding Research Establishment
942 _n0
948 _c04/03/1997
999 _c91841
_d91841